000 00804nam 2200193 4500
001 5794
090 _a5794
100 _a20190729k u||y0frey50 ba
101 _afre
200 _aLes LIP vous attendent à l'usine
_bBrochure
_eles ouvriers de LIP vous attendent les 13, 14 et 15 juillet, trois jours de fête populaire
_fnuméro réal. par les journalistes de Libération, l'Anti-brouillard et des travailleurs de LIP
210 _a[Paris]
_cLibération
_d1975
_gImprimerie spéciale Libération
215 _a6 p.
_cill.
_d30 cm
300 _aSuppl. au n° 42 Libération, 13 juillet 75
601 _91842
_aLip
_yBesançon
_z1867-1977
606 _91057
_aMouvement ouvrier
710 _95676
_aLibération
_f1973-
711 _aL'Anti-brouillard
_yBesançon
_z1973-
_96288
711 _91842
_aLip
801 _aCH
_bCH-002049-8